| 000 | 00618cam a2200217 4500 | ||
|---|---|---|---|
| 008 | 090401t1981 xxu||||| |||| 00| 0 eng d | ||
| 020 | _a0854061371 | ||
| 035 | _a(Sirsi) u33234 | ||
| 041 | _aeng | ||
| 050 | _a333.336 | ||
| 090 | _aRICS 1981/69ABC | ||
| 110 |
_aRoyal Institution of Chartered Surveyors _94900 |
||
| 245 | _aTaking new premises: a guide to industrialists | ||
| 260 |
_aLondon _bSurveyors Publications _c1981 |
||
| 300 | _a23p. 15cm x 21cm | ||
| 350 | _a0 | ||
| 520 | _aFiled in box RICS 1981/69 ABC | ||
| 710 |
_aPlanning and Development Division _9784 |
||
| 942 | _n0 | ||
| 948 | _c04/03/1997 | ||
| 999 |
_c89788 _d89788 |
||